Giáo trình bóng ném Giáo trình dành cho sinh viên cao đẳng sư phạm chuyên nghành giáo dục thể chất

Spremljeno u:
Bibliografski detalji
Glavni autor: Nguyễn, Hùng Quân
Format: Knjiga
Jezik:Undetermined
Izdano: H. ĐHSP 2004
Teme:
Online pristup:http://lrc.tdmu.edu.vn/opac/search/detail.asp?aID=2&ID=5666
Oznake: Dodaj oznaku
Bez oznaka, Budi prvi tko označuje ovaj zapis!
Thư viện lưu trữ: Trung tâm Học liệu Trường Đại học Thủ Dầu Một
LEADER 00698nam a2200205Ia 4500
001 TDMU_5666
008 210410s9999 xx 000 0 und d
082 |a 796.32 
090 |b NG525 
100 |a Nguyễn, Hùng Quân 
245 0 |a Giáo trình bóng ném 
245 0 |b Giáo trình dành cho sinh viên cao đẳng sư phạm chuyên nghành giáo dục thể chất 
245 0 |c Nguyễn Hùng Quân 
260 |a H. 
260 |b ĐHSP 
260 |c 2004 
300 |a 167tr. 
650 |a Bóng ném  |v Giáo trình 
856 |u http://lrc.tdmu.edu.vn/opac/search/detail.asp?aID=2&ID=5666 
980 |a Trung tâm Học liệu Trường Đại học Thủ Dầu Một